00289nam a2200121Ia 4500008004100000041000900041082001800050100001700068245003700085260002900122300000800151650000800159230718s9999 xx 000 0 und d aEng. a341.48bPAR-D aParqust,Rene 0aDilouge on Human rights Springer aPakistanbSprengerc2013 a287 aLaw